El comendador de Malta / (Record no. 165871)

MARC details
000 -LEADER
campo de control de longitud fija 00788nam a2200217 i 4500
001 - NÚMERO DE CONTROL
campo de control 165871
003 - IDENTIFICADOR DE NÚMERO DE CONTROL
campo de control ES-MaACL
005 - FECHA Y HORA DE LA ÚLTIMA TRANSACCIÓN
campo de control 20251014063242.0
008 - DATOS DE LONGITUD FIJA--INFORMACIÓN GENERAL
campo de control de longitud fija 050906q1855 sp |||| | spa d
100 1# - ENTRADA PRINCIPAL--NOMBRE DE PERSONA
Nombre de persona Sue, Eugène,
Fechas asociadas al nombre 1804-1857
9 (RLIN) 132950
245 13 - MENCIÓN DEL TÍTULO
Título El comendador de Malta /
Mención de responsabilidad, etc. por Eugenio Sue.
250 ## - MENCION DE EDICION
Mención de edición Publicada con aprobación de la cemsura [sic].
260 ## - PUBLICACIÓN, DISTRIBUCIÓN, ETC.
Lugar de publicación, distribución, etc. [S.l. :
Nombre del editor, distribuidor, etc. s.n.,
Fecha de publicación, distribución, etc. ca. 1855]
300 ## - DESCRIPCIÓN FÍSICA
Extensión 149 p. ;
Dimensiones 22 cm.
490 1# - MENCIÓN DE SERIE
Mención de serie Folletín de las Novedades
594 ## - Nota al título y mención de responsabilidad
Nota al título y mención de responsabilidad Datos tomados de la primera p. de texto.
596 ## - NOTA AL PIE DE IMPRENTA
NOTA AL PIE DE IMPRENTA Publicado probablemente a mediados del s. XIX.
830 0# - PUNTO DE ACCESO ADICIONAL DE SERIE-TÍTULO UNIFORME
Título uniforme Folletín de las novedades
9 (RLIN) 185765
852 ## - LOCALIZACIÓN
Ubicación ES-MaACL
Número de control de estantería G-4762(2)
Nota libre - Enc. hol.
-- . - Legado M. de la Fuente
condición física - Ejemp. falto de port.
Holdings
Estatus retirado Estado de pérdida Estado de daño No para préstamo Colección Biblioteca de origen Biblioteca actual Ubicación en estantería Fecha de adquisición Total de préstamos Signatura topográfica completa Código de barras Visto por última vez Precio de reemplazo Tipo de ítem Koha
        Libros del s. XIX Biblioteca del Ateneo de Madrid Biblioteca del Ateneo de Madrid Depósito 2 17/01/2008   G-4762(2) 1173949 23/02/2023 23/02/2023 Libro impreso antiguo